Sneaker kultúra és piac a XXI. században
| Szerző: | |
|---|---|
| További közreműködők: | |
| Dokumentumtípus: | Diplomadolgozat |
| Kulcsszavak: | 21. század sneaker sneakerkultúra sneakerpiac sportcipő |
| Online Access: | http://dolgozattar.uni-bge.hu/59626 |
MARC
| LEADER | 00000nta a2200000 i 4500 | ||
|---|---|---|---|
| 001 | dolg59626 | ||
| 005 | 20260409145326.0 | ||
| 008 | 260409suuuu hu om 000 hun d | ||
| 040 | |a BGE Dolgozattár Repozitórium |b hun | ||
| 041 | |a hu | ||
| 100 | 1 | |a Kebelei Gergő | |
| 245 | 1 | 0 | |a Sneaker kultúra és piac a XXI. században |c Kebelei Gergő |h [elektronikus dokumentum] |
| 520 | 3 | |a A sneaker kultúra kialakulása egészen az 1970-es évekhez vezethető vissza, amikor is népszerűvé vált ezeknek a termékeknek a gyűjtése, cseréje, eladása. Az idő előrehaladtával ezek a termékek egyre népszerűbbé váltak, amihez hozzájárult a különböző, nagy, meghatározó márkák megjelenése, a különböző kollaborációk, együttműködések márkák között, közreműködések hírességekkel, illetve sok más tényező, többek között a sneakerek sportban való térhódítása és kiemelkedő népszerűsége. A XXI. században kultúra iránti érdeklődés, valamint a piaci viszonyok folyamatosan növekvő tendenciát mutatnak. Magyarországon az elmúlt 3-4 évben különösen nagy változás figyelhető meg, ami többnyire a Z generáció streetwear divat iránti érdeklődése okozza, valamint a számos, újonnan nyíló sneaker és streetwear kategóriájú üzletek nyitása, amelyek lehetővé teszik a hazai, széles körű elérhetőséget mindenki számára. | |
| 695 | |a 21. század | ||
| 695 | |a sneaker | ||
| 695 | |a sneakerkultúra | ||
| 695 | |a sneakerpiac | ||
| 695 | |a sportcipő | ||
| 700 | 1 | |a Domboróczky Dr. Zoltán |e ths | |
| 856 | 4 | 0 | |u http://dolgozattar.uni-bge.hu/59626/1/Sneaker%20kult%C3%BAra%20%C3%A9s%20piac%20a%20XXI.%20sz%C3%A1zadban.pdf |z Dokumentum-elérés |
| 856 | 4 | 0 | |u http://dolgozattar.uni-bge.hu/59626/2/Kebelei_Gerg%C5%91_BA%20KM%20magyar%20b%C3%ADr%C3%A1lati%20lap%20BELS%C5%90.pdf |z Dokumentum-elérés |
| 856 | 4 | 0 | |u http://dolgozattar.uni-bge.hu/59626/3/Kebelei_Gerg%C5%91_BA%20KM%20magyar%20b%C3%ADr%C3%A1lati%20lap%20K%C3%9CLS%C5%90.pdf |z Dokumentum-elérés |